MARC

LEADER 00000nam0a2200000 4500
001 56474
005 20231031053514.0
035 |a (RuTPU)RU\TPU\book\59319 
090 |a 56474 
100 |a 20030930d1973 km y0rusy50 ca 
101 0 |a rus 
102 |a RU 
105 |a a g 001zy 
200 1 |a Теплофизические свойства метилового спирта  |e Справочник  |f В. Н. Зубарев, П. Г. Прусаков, Л. В. Сергеева  |g Государственный комитет стандартов Совета Министров СССР. Государственная служба стандартных и справочных данных 
210 |a Москва  |c Изд-во Стандартов  |d 1973 
215 |a 202 с.  |c ил. 
225 1 |a Государственная служба стандартных и справочных данных 
320 |a Библиогр.: с. 199-201 
610 1 |a спирты 
610 1 |a метил 
610 1 |a теплофизические свойства 
610 1 |a справочники 
610 1 |a жидкости 
610 1 |a атмосферное давление 
610 1 |a пары 
610 1 |a вязкость 
610 1 |a теплопроводность 
675 |a 661.72(035)  |v 3 
700 1 |a Зубарев  |b В. Н.  |g Владимир Николаевич 
701 1 |a Прусаков  |b П. Г.  |g Петр Гаврилович 
701 1 |a Сергеева  |b Л. В.  |g Людмила Валентиновна 
712 0 2 |a Государственный комитет стандартов Совета Министров СССР 
801 1 |a RU  |b 63413507  |c 20030930  |g PSBO 
801 2 |a RU  |b 63413507  |c 20030930  |g PSBO 
801 2 |a RU  |b 63413507  |c 20061009  |g PSBO 
942 |c BK